000 00233nam a2200097Ia 4500
005 20251222175817.0
008 251222s9999||||xx |||||||||||||| ||spa||
082 _aDVD0070/F29/1964
245 0 _aCrónica de un niño solo:
942 _cDVD
999 _c40364
_d40364